| 000 | 00878nam a2200241 a 4500 | ||
|---|---|---|---|
| 001 | 000037747 | ||
| 003 | OSt | ||
| 005 | 20240302073953.0 | ||
| 008 | 130305s2012 dr 000 0 spa d | ||
| 020 | _a9789945489156 | ||
| 040 |
_aDO-SdBNP _bspa _cBNPHU |
||
| 082 |
_axxxx _bxxxx |
||
| 100 | 1 |
_aCordero, Tulio _916039 _d1955- |
|
| 245 | 1 | 0 |
_aHilo de fuego : _bantologa poética / _cTulio Cordero ; introducción Bruno Rosario Candelier |
| 260 |
_aSanto Domingo, : _bSantuario, _c2012. |
||
| 300 |
_a198 p. ; _c23 cm. |
||
| 500 | _aIncluye datos biográficos del autor en la solapa de la cubierta | ||
| 500 | _aEl ejemplar número 1 esta dedicado a Chiqui Vicioso por el autor. | ||
| 500 | _aEl ejemplar número 5 esta dedicado a Pura Emeterio por el autor. | ||
| 590 | _aInventariado, 2020/ YL | ||
| 700 | 1 | 2 |
_aRosario Candelier, Bruno, _d1941- _eint. _9851 |
| 942 |
_2ddc _cLBS1 |
||
| 999 |
_c37237 _d37237 |
||